000 00561nam a2200181Ia 4500
003 GCL
008 140319s9999 xx 000 0 eng d
040 _aGCL /
_cGCL
082 0 4 _a910
_bM A
100 1 _aTHE MULTILIBRO EDITORIAL GROUP
245 1 0 _aAROUND THE WORLD: THE GREAT ROAD RALLY ADVENTURE /
_cTHE MULTILIBRO EDITORIAL GROUP
260 _a[S.N] :
_bALEXANDER PUBLISHER'S MARKETING LTD ،
_c1990
300 _a35 VOLUM
490 _aTHE INTERNATIONAL GEOGRAPHY SERIES
_v0
650 0 4 _aJUVENILE LITERATURE
650 0 4 _aGEOGRAPHY
942 _2ddc
_cBK
999 _c22252
_d22252